000 00442nam a2200181Ia 4500
001 7479
005 20260306160458.0
008 260306t2007||||xx |||||||||||||| ||spa||
041 _aESP
082 _a339
_bG79
100 _aGregorio Rebeco, José F. de
_eAUT
245 0 _aMacroeconomía:
_bteoría y políticas
260 _c2007
300 _axx, 768 páginas :
_c27 cm.
650 _aGEN
654 _aCAN
942 _cLIB
_dJUS
_fJUS
_2ddc
_n
999 _c7479
_d7479